El Censo de población de 1983 y su perspectiva ocupacional

Saved in:
Bibliographic Details
Main Author: Fleming Arias, Francisco
Other Authors: Sandoval Torres, Oscar
Format: Text
Published: San José :
Tags: Add Tag
No Tags, Be the first to tag this record!

MARC

LEADER 00000 a a2200000 04500
001 15200
003
040
090 |a EXTRAVIADO  
100 |a Fleming Arias, Francisco  
245 |a El Censo de población de 1983 y su perspectiva ocupacional   |a Fleming Arias, Francisco  
260 |a San José :  
300 |a 10 p.  
700 |a Sandoval Torres, Oscar  
999 |c 1150  |d 1150